000 00629nam a2200193 4500
008 020515s1958 us 1 engYA
090 0 _aB4680
_bD71
100 1 _aDondeyne, Albert
245 1 0 _aContemporary European thought and Christian faith /
_cAlbert Dondeyne.
260 _aPittsburgh, PA. :
_bDuquesne University,
_cc1958.
300 _ax, 211 p.
490 1 _aDuquesne studies philosophical series
504 _aIncludes index
650 4 _aExistentialism.
650 4 _aHumanism.
650 4 _aPhilosophy, European
_y20th century.
650 4 _aThomism.
951 _p20621
_oB4680/D71
_j070613111118937
_d2000-12-21
_cGC
999 _c6469
_d6469